Sports Quiz

Random Sports or NBA Quiz

NBA 30-20 Games Quiz Stats

 Plays Quiz not verified by Sporcle

Support Sporcle.
Go Orange.
Score 0/25 Timer 06:00
0 Plays Today
Total 30-20 games Player % Correct
16Hakeem Olajuwon
84%
29Shaquille O'Neal
81.9%
10Tim Duncan
81.2%
28Charles Barkley
80%
8Patrick Ewing
79.2%
6Dwight Howard
78.7%
6David Robinson
78.6%
4Moses Malone
76%
8Kevin Garnett
75.9%
8Karl Malone
74.6%
8Kevin Love
67.2%
2Dirk Nowitzki
58%
2Dennis Rodman
50.4%
Total 30-20 games Player % Correct
2Alonzo Mourning
37.6%
2Shawn Marion
35.7%
2Kevin Johnson
35.4%
2Al Jefferson
32.6%
2Antonio McDyess
31.8%
2Buck Williams
25%
2Charles Oakley
23%
2Bill Laimbeer
22.8%
2David Lee
18.8%
9Kevin Willis
18.7%
4LaMarcus Aldridge
15.8%
4Rony Seikaly
4.3%

You're not logged in!

Compare scores with friends on all Sporcle quizzes.
OR
Log In

From the Vault

Wrong Lyrics Christmas

by Hejman

Honestly, we're going to start singing these lyrics from now on.
Remove Ads.
Support Sporcle.
Get the best of Sporcle when you Go Orange. This ad-free experience offers more features, more stats, and more fun while also helping to support Sporcle. Thank you for becoming a member.

Show Comments

Extras

Top Quizzes Today


Score Distribution

Your Account Isn't Verified!

In order to create a playlist on Sporcle, you need to verify the email address you used during registration. Go to your Sporcle Settings to finish the process.

Report this User

Report this user for behavior that violates our Community Guidelines.

Details: